Organización de computadoras

Bibliographic Details
Main Author: Hamacher, V. Carl.
Format: Section = Libro
Language:Undetermined
Spanish
Published: México McGraw-Hill 1987
Edition:2a.ed.
Subjects:
LEADER 00570nam a2200193Ia 4500
008 240829s9999 xx 000 0 und d
020 |a 968-422-058-8 
040 |a BIBLIOTECA-RUPAP 001.642 H198 
041 |a spa 
082 |a 001.642 H198 
100 1 |a Hamacher, V. Carl. 
245 1 0 |a Organización de computadoras 
250 |a 2a.ed. 
260 |a México  |b McGraw-Hill  |c 1987 
300 |a 620 p. :il. 
650 7 |a PROGRAMAS Y PROGRAMACION DE COMPUTADORAS. I.Vranesic, Zvonko II, coaut. Zaky, Safwat, coaut. III. Tít. 
942 |c BK  |2 ddc 
991 |a TEXTO 
999 |c 7011